Śrī Sūrajamala Jālāna. (Record no. 72382)

MARC details
000 -LEADER
fixed length control field 00737cam a22002651 4500
001 - CONTROL NUMBER
control field sa 67001102
003 - CONTROL NUMBER IDENTIFIER
control field DLC
005 - DATE AND TIME OF LATEST TRANSACTION
control field 20260227112319.0
008 - FIXED-LENGTH DATA ELEMENTS--GENERAL INFORMATION
fixed length control field 890707s1963 ii abc b 000 0 hino
010 ## - LIBRARY OF CONGRESS CONTROL NUMBER
LC control number sa 67001102
035 ## - SYSTEM CONTROL NUMBER
System control number (OCoLC)19977809
040 ## - CATALOGING SOURCE
Original cataloging agency DLC
Transcribing agency WaU
Modifying agency DLC
042 ## - AUTHENTICATION CODE
Authentication code premarc
043 ## - GEOGRAPHIC AREA CODE
Geographic area code a-ii---
050 00 - LIBRARY OF CONGRESS CALL NUMBER
Classification number BL1373.J3
Item number K3
100 1# - MAIN ENTRY--PERSONAL NAME
Personal name Baruā, Jaiminī Kauśika.
245 10 - TITLE STATEMENT
Title Śrī Sūrajamala Jālāna.
260 ## - PUBLICATION, DISTRIBUTION, ETC.
Date of publication, distribution, etc. [1963]
300 ## - PHYSICAL DESCRIPTION
Extent 433 p.
Other physical details ill. (part col.) maps, ports. (part col.)
Dimensions 27 cm.
500 ## - GENERAL NOTE
General note In Hindi.
504 ## - BIBLIOGRAPHY, ETC. NOTE
Bibliography, etc. note Bibliographical footnotes.
600 10 - SUBJECT ADDED ENTRY--PERSONAL NAME
Personal name Jalan, Surajmull,
Dates associated with a name 1881-1938.
650 #0 - SUBJECT ADDED ENTRY--TOPICAL TERM
Topical term or geographic name entry element Temples
Geographic subdivision India
-- Rajasthan.
700 1# - ADDED ENTRY--PERSONAL NAME
Personal name Nevaṭiyā, Rādhākr̥shṇa,

No items available.

Powered by Koha